[Event "Arcueil-Arras"]
[Site "Le Touquet"]
[Date "2008.01.19"]
[Round "5.3"]
[White "Zeller, Olivier"]
[Black "Saiboulatov, Danial"]
[Result "0-1"]
[WhiteElo "2010"]
[BlackElo "2373"]
[PlyCount "60"]
[EventDate "2008.01.19"]
[SourceDate "2007.10.24"]

1. e4 e6 2. d4 d5 3. Nd2 Nf6 4. e5 Nfd7 5. f4 c5 6. c3 Nc6 7. Ndf3 Qb6 8. g3
Be7 9. Bh3 O-O 10. Kf1 cxd4 11. cxd4 a5 12. Kg2 a4 13. Ne2 Qa6 14. f5 exf5 15.
Bxf5 Ndxe5 16. Bxc8 Nxf3 17. Bf5 Ng5 18. Nf4 Rad8 19. Bd3 Qb6 20. Re1 Bb4 21.
Re2 Nxd4 22. Be3 Bc5 23. Rc1 Nde6 24. Bxc5 Nxc5 25. Bb1 Qd6 26. Rd2 d4 27. Qh5
Nce6 28. Qh4 Nxf4+ 29. gxf4 Qd5+ 30. Kf2 Qf5 0-1

[Event "Arcueil-Arras"]
[Site "Le Touquet"]
[Date "2008.01.19"]
[Round "5.4"]
[White "Andrieux, Pascal"]
[Black "Cheron, Stephane"]
[Result "1-0"]
[WhiteElo "2228"]
[BlackElo "2001"]
[PlyCount "107"]
[EventDate "2008.01.19"]
[SourceDate "2007.10.24"]

1. e4 e5 2. Nf3 Nc6 3. d4 exd4 4. Nxd4 Nf6 5. Nxc6 bxc6 6. Bd3 d5 7. e5 Ng4 8.
O-O Bc5 9. Qe2 Qh4 10. h3 h5 11. Nd2 Qg3 12. Nf3 Nxf2 13. Rxf2 Bxf2+ 14. Qxf2
Qxf2+ 15. Kxf2 c5 16. b3 Rb8 17. Ba3 c4 18. bxc4 dxc4 19. Bxc4 Be6 20. Bb3 Rh6
21. Bc1 Rh8 22. Be3 a6 23. Rd1 Bxb3 24. axb3 Rd8 25. Ra1 Ra8 26. Ra4 Kd7 27.
Rf4 f6 28. exf6 gxf6 29. Rxf6 a5 30. Rf4 c5 31. Bxc5 a4 32. bxa4 Rhc8 33. Ne5+
Ke6 34. Nd3 Ra5 35. Ke3 Raxc5 36. Nxc5+ Rxc5 37. Kd3 Rg5 38. g4 hxg4 39. hxg4
Rd5+ 40. Kc3 Re5 41. Kb4 Kd6 42. a5 Kc6 43. c4 Kb7 44. Rf5 Re6 45. Kb5 Rg6 46.
g5 Rc6 47. c5 Ka7 48. Rf7+ Kb8 49. Rf6 Rc7 50. a6 Ka7 51. g6 Rc8 52. g7 Rg8 53.
Rf7+ Ka8 54. Kc4 1-0

[Event "Arcueil-Arras"]
[Site "Le Touquet"]
[Date "2008.01.19"]
[Round "5.5"]
[White "Debehaigne, Benoit"]
[Black "Goasdoue, Vincent"]
[Result "0-1"]
[WhiteElo "1922"]
[BlackElo "2141"]
[PlyCount "110"]
[EventDate "2008.01.19"]
[SourceDate "2007.10.24"]

1. e4 g6 2. f4 Bg7 3. Nc3 d6 4. Nf3 a6 5. d3 Nd7 6. Be2 e6 7. O-O Ne7 8. Qe1 h6
9. Kh1 f5 10. exf5 exf5 11. Be3 O-O 12. Nd4 Nf6 13. Bf3 c5 14. Nb3 Qc7 15. a4
Re8 16. Qf2 Bd7 17. h3 Bc6 18. Rae1 Ned5 19. Bd2 Nb4 20. Rc1 Re7 21. Rg1 b6 22.
g4 Qb7 23. Bxc6 Qxc6+ 24. Qg2 Rae8 25. gxf5 gxf5 26. Qxc6 Nxc6 27. Be1 Re3 28.
Kg2 Nb4 29. Bf2 R3e6 30. Nd2 d5 31. Kf3 d4 32. Ncb1 Kf7 33. Nf1 Nh5 34. Ng3
Nxg3 35. Rxg3 Re2 36. Na3 Bf6 37. Rgg1 Bh4 38. Rcf1 Bxf2 39. Rxf2 R8e3+ 40. Kg2
Rxf2+ 41. Kxf2 Rxh3 42. Kg2 Re3 43. Kf2 Nd5 44. Nc4 Re6 45. Ne5+ Kf6 46. Kf3
Nxf4 47. Nd7+ Ke7 48. Kxf4 Kxd7 49. Kxf5 Re2 50. a5 bxa5 51. Ra1 Kc6 52. c3
Rxb2 53. cxd4 cxd4 54. Ke4 Kb5 55. Kxd4 Kb4 {suite illisible} 0-1

[Event "Arcueil-Arras"]
[Site "Le Touquet"]
[Date "2008.01.19"]
[Round "5.6"]
[White "Stawiarski, Edmond"]
[Black "Scozzesi, Francois"]
[Result "1-0"]
[WhiteElo "2124"]
[BlackElo "1903"]
[PlyCount "65"]
[EventDate "2008.01.19"]
[SourceDate "2007.10.24"]

1. d4 c5 2. e3 e6 3. Nf3 b6 4. Bd3 Bb7 5. Nbd2 f5 6. Qe2 Nf6 7. O-O d5 8. c3
Bd6 9. Ne5 O-O 10. Ndf3 Ne4 11. a4 a5 12. Bb5 g5 13. Ne1 Nf6 14. b3 Ra7 15. Bb2
Ba8 16. N1d3 Rg7 17. Rac1 Qc7 18. c4 Qb7 19. cxd5 exd5 20. dxc5 bxc5 21. Nxc5
Qe7 22. Ncd3 h5 23. Bd4 g4 24. Qb2 Ne4 25. Nf4 Rg5 26. Neg6 Rxg6 27. Nxg6 Qg5
28. Nf4 Bb7 29. Be5 Bxe5 30. Qxe5 Nd2 31. Qe6+ Rf7 32. Rc2 Nf3+ 33. Kh1 1-0

[Event "Arcueil-Arras"]
[Site "Le Touquet"]
[Date "2008.01.19"]
[Round "5.7"]
[White "Cabel Simon, Remi"]
[Black "Manet, Eric"]
[Result "0-1"]
[WhiteElo "1857"]
[BlackElo "2023"]
[PlyCount "102"]
[EventDate "2008.01.19"]
[SourceDate "2007.10.24"]

1. g3 d5 2. Bg2 Nf6 3. d3 Bf5 4. Nf3 h6 5. c4 c6 6. Qa4 e6 7. O-O Bd6 8. cxd5
exd5 9. Nc3 O-O 10. e4 dxe4 11. dxe4 Bg4 12. Rd1 Qc7 13. Rxd6 Qxd6 14. e5 Qe6
15. exf6 Bxf3 16. Bxf3 Qxf6 17. Kg2 Nd7 18. Qf4 Qd8 19. Be3 Nf6 20. Rd1 Qa5 21.
Rd6 Nh7 22. Ne4 Qxa2 23. Qg4 f5 24. Qg6 fxe4 25. Bxe4 Nf6 26. Bxh6 Qf7 27. Be3
Nxe4 28. Qxe4 Rae8 29. Qd4 Qf3+ 30. Kg1 b6 31. Qc3 c5 32. Qc4+ Qf7 33. Qc3 Rd8
34. Qd3 Rxd6 35. Qxd6 Qf6 36. Qd5+ Rf7 37. b3 Qf5 38. Qd8+ Rf8 39. Qd1 Rf7 40.
Qd8+ Kh7 41. Qh4+ Kg8 42. Qd8+ Rf8 43. Qd1 Re8 44. Qf1 Rd8 45. Qc4+ Qd5 46. Qa4
Rd7 47. Qa6 Kh7 48. Qc8 Qf5 49. Qc6 Rd1+ 50. Kg2 Qd5+ 51. Qxd5 Rxd5 0-1

[Event "Arcueil-Arras"]
[Site "Le Touquet"]
[Date "2008.01.19"]
[Round "5.8"]
[White "Loyer, Angelique"]
[Black "Scozzesi, Morgane"]
[Result "1-0"]
[WhiteElo "1976"]
[BlackElo "1009"]
[PlyCount "67"]
[EventDate "2008.01.19"]
[SourceDate "2007.10.24"]

1. d4 c6 2. Nf3 d5 3. Bf4 Bf5 4. e3 h6 5. c4 Nd7 6. Nc3 Qb6 7. Qb3 e6 8. Be2
Be7 9. O-O Ngf6 10. h3 O-O 11. Nd2 a6 12. Rfc1 Rae8 13. c5 Qxb3 14. Nxb3 Rd8
15. Na5 Rb8 16. Bxb8 Rxb8 17. f4 Bg6 18. b4 Rf8 19. Nxb7 Rb8 20. Na5 Nh5 21.
Nxc6 Re8 22. Nxe7+ Rxe7 23. Bxa6 Re8 24. Bb5 Ndf6 25. Bxe8 Nxe8 26. b5 Kh7 27.
b6 f6 28. b7 Ng3 29. b8=Q Nf5 30. Kf2 e5 31. g4 exd4 32. gxf5 Bxf5 33. Nxd5
Bxh3 34. Qxe8 1-0

[Event "Issy les Moulineaux-Le Touquet"]
[Site "Le Touquet"]
[Date "2008.01.19"]
[Round "5.1"]
[White "Roser, Kevin"]
[Black "Jonkman, Harmen"]
[Result "1/2-1/2"]
[WhiteElo "2402"]
[BlackElo "2433"]
[PlyCount "119"]
[EventDate "2008.01.19"]
[SourceDate "2007.10.24"]

1. e4 e5 2. Nf3 Nc6 3. Bb5 Nf6 4. O-O Nxe4 5. d4 Nd6 6. Bxc6 dxc6 7. dxe5 Nf5
8. Qxd8+ Kxd8 9. Nc3 Ke8 10. h3 b6 11. Bf4 Bb4 12. Ne4 Ba6 13. Rfc1 Be2 14. Nh2
Rd8 15. c3 Be7 16. Re1 Bc4 17. g4 Nh4 18. Nd6+ cxd6 19. exd6 Ng6 20. dxe7 Rd7
21. Be3 h5 22. b3 Bd5 23. c4 Be6 24. Bg5 hxg4 25. hxg4 c5 26. Re2 Rd3 27. f3
Bd7 28. Rae1 f6 29. Be3 Kf7 30. Kg2 Re8 31. Rd2 Rxd2+ 32. Bxd2 Ne5 33. Kg3 Rxe7
34. f4 Nc6 35. Rxe7+ Kxe7 36. Nf3 a5 37. f5 Nb4 38. Bxb4 axb4 39. Kf4 Bc6 40.
Ne1 Kd6 41. Nf3 b5 42. Nd2 bxc4 43. bxc4 Kc7 44. g5 fxg5+ 45. Kxg5 Be8 46. f6
gxf6+ 47. Kxf6 Bh5 48. Ke5 Kc6 49. Ke6 Bd1 50. Ke5 Bc2 51. Ke6 Bh7 52. Ke5 Bg8
53. Ke4 Kb6 54. Ke5 Kc6 55. Ke4 Kd6 56. Ke3 Ke5 57. Nb3 Bxc4 58. Nxc5 Bxa2 59.
Nd3+ Kd6 60. Nxb4 1/2-1/2

[Event "Issy les Moulineaux-Le Touquet"]
[Site "Le Touquet"]
[Date "2008.01.19"]
[Round "5.2"]
[White "Roeder, Mathias"]
[Black "Ricbour, Jeremy"]
[Result "1-0"]
[WhiteElo "2461"]
[BlackElo "2161"]
[PlyCount "57"]
[EventDate "2008.01.19"]
[SourceDate "2007.10.24"]

1. Nf3 c5 2. c4 Nc6 3. d4 cxd4 4. Nxd4 Nf6 5. Nc3 g6 6. e4 Bg7 7. Be3 Ng4 8.
Qxg4 Nxd4 9. Qd1 Ne6 10. Rc1 d6 11. Be2 g5 12. O-O Be5 13. Re1 Nf4 14. Bf1 h5
15. Qd2 e6 16. c5 O-O 17. Red1 Qf6 18. cxd6 Bd7 19. g3 Kh7 20. Ne2 Rg8 21. Rc7
Bc6 22. Bd4 Ng6 23. Bg2 Raf8 24. Bxe5 Qxe5 25. Qd4 Qa5 26. Nc3 e5 27. Qc4 Kg7
28. b4 Qb6 29. b5 1-0

[Event "Issy les Moulineaux-Le Touquet"]
[Site "Le Touquet"]
[Date "2008.01.19"]
[Round "5.3"]
[White "Demarre, Jacques"]
[Black "Therkildsen, Thomas"]
[Result "0-1"]
[WhiteElo "2196"]
[BlackElo "2322"]
[PlyCount "76"]
[EventDate "2008.01.19"]
[SourceDate "2007.10.24"]

1. d4 Nf6 2. c4 e6 3. Nf3 b6 4. g3 Ba6 5. Nbd2 c5 6. Bg2 Qc7 7. O-O Nc6 8. d5
Ne5 9. e4 Nxc4 10. Nxc4 Bxc4 11. Bf4 d6 12. dxe6 fxe6 13. e5 Nd5 14. exd6 Bxd6
15. Bxd6 Qxd6 16. Re1 O-O 17. Ng5 Rf5 18. Nxe6 Re8 19. Qc2 Ne3 20. Rxe3 Bxe6
21. Rae1 Rff8 22. Be4 h6 23. Bh7+ Kh8 24. Bg6 Re7 25. b3 Rf6 26. Bd3 Ref7 27.
R3e2 Rf8 28. Be4 Bg4 29. Rd2 Qe7 30. Re3 Re6 31. Qd3 Re8 32. Bg6 Rxe3 33. Qxe3
Qxe3 34. fxe3 Rf8 35. Rf2 Rf6 36. Rxf6 gxf6 37. Kf2 Kg7 38. Bd3 Kf7 0-1

[Event "Issy les Moulineaux-Le Touquet"]
[Site "Le Touquet"]
[Date "2008.01.19"]
[Round "5.4"]
[White "D'Costa, Lorin"]
[Black "Aveline, Philippe"]
[Result "1-0"]
[WhiteElo "2406"]
[BlackElo "2178"]
[PlyCount "53"]
[EventDate "2008.01.19"]
[SourceDate "2007.10.24"]

1. e4 d5 2. exd5 Nf6 3. Nf3 Nxd5 4. d4 g6 5. c4 Nb6 6. Nc3 Bg7 7. c5 Nd5 8. Bc4
c6 9. Qb3 O-O 10. O-O e6 11. Re1 b6 12. Bg5 f6 13. Bh4 Re8 14. Nxd5 exd5 15.
Rxe8+ Qxe8 16. Bxd5+ Kh8 17. Re1 Qf8 18. Bf7 Bd7 19. Bg3 b5 20. Bd6 Qc8 21. Re7
Bf8 22. Qe3 Na6 23. Qf4 Kg7 24. Bb3+ Bxe7 25. Bxe7 Bf5 26. Qd6 Qd7 27. Bxf6+
1-0

[Event "Issy les Moulineaux-Le Touquet"]
[Site "Le Touquet"]
[Date "2008.01.19"]
[Round "5.5"]
[White "Amalric, Yves"]
[Black "Flament, Frederic"]
[Result "0-1"]
[WhiteElo "2171"]
[BlackElo "2142"]
[PlyCount "130"]
[EventDate "2008.01.19"]
[SourceDate "2007.10.24"]

1. Nf3 Nf6 2. c4 e6 3. b3 b6 4. Bb2 Bb7 5. Nc3 d5 6. e3 Nbd7 7. Be2 Bd6 8. Qc2
O-O 9. cxd5 Nxd5 10. Nxd5 Bxd5 11. h4 f5 12. O-O-O a5 13. Bc4 c6 14. Nd4 Qe7
15. f3 Ne5 16. d3 Rfc8 17. e4 fxe4 18. fxe4 Bxc4 19. dxc4 b5 20. Nf3 Nxf3 21.
gxf3 Ba3 22. Bxa3 Qxa3+ 23. Qb2 Qxb2+ 24. Kxb2 Rd8 25. Kc2 Kf7 26. f4 Kf6 27.
Rhg1 a4 28. Kc3 axb3 29. axb3 bxc4 30. Rxd8 Rxd8 31. bxc4 g6 32. Ra1 e5 33.
fxe5+ Kxe5 34. Ra7 h5 35. Re7+ Kf6 36. Rc7 Rd6 37. c5 Re6 38. Kd4 g5 39. e5+
Kg6 40. hxg5 Kxg5 41. Ke4 h4 42. Kf3 h3 43. Kg3 Kf5 44. Kxh3 Kxe5 45. Rd7 Kf5
46. Kg3 Re5 47. Kf3 Rxc5 48. Ke3 Ke5 49. Rc7 Kd6 50. Rc8 Rd5 51. Ke4 Kc5 52.
Rh8 Rd4+ 53. Ke3 Kc4 54. Ra8 c5 55. Rg8 Rd7 56. Ke2 Kb4 57. Rb8+ Kc3 58. Ke1 c4
59. Rc8 Kb3 60. Rb8+ Kc2 61. Rc8 c3 62. Rb8 Kc1 63. Ke2 Rd2+ 64. Ke1 Rb2 65.
Rh8 c2 0-1

[Event "Issy les Moulineaux-Le Touquet"]
[Site "Le Touquet"]
[Date "2008.01.19"]
[Round "5.6"]
[White "Kieffer, Christian"]
[Black "Stambul, Adam"]
[Result "1/2-1/2"]
[WhiteElo "2185"]
[BlackElo "2144"]
[PlyCount "98"]
[EventDate "2008.01.19"]
[SourceDate "2007.10.24"]

1. e4 e5 2. Nf3 Nc6 3. Nc3 Nf6 4. Bb5 d6 5. O-O Bd7 6. Re1 Be7 7. Nd5 Nxd5 8.
exd5 Nb8 9. Bf1 f5 10. d4 e4 11. Nd2 O-O 12. f3 Bf6 13. c3 exf3 14. Nxf3 Be8
15. Bd3 Bg6 16. Qb3 b6 17. a4 a5 18. Bd2 Kh8 19. Qc2 Qd7 20. Ng5 c6 21. Ne6 Rf7
22. Nf4 Na6 23. dxc6 Qxc6 24. Bb5 Qb7 25. Re6 Rd8 26. Nxg6+ hxg6 27. Bf4 Nc7
28. Rxd6 Rxd6 29. Bxd6 Nxb5 30. axb5 Qd5 31. Ba3 Qxb5 32. Re1 Rd7 33. Qf2 Rd8
34. h3 Re8 35. Rxe8+ Qxe8 36. d5 Qe4 37. d6 Qb1+ 38. Qf1 Qxf1+ 39. Kxf1 Kg8 40.
Ke2 Kf7 41. Kd3 b5 42. b3 Ke6 43. c4 b4 44. Bc1 Kxd6 45. Bf4+ Kc6 46. Be3 g5
47. Bf2 Bd8 48. Bd4 g6 49. Be5 Be7 1/2-1/2

[Event "Issy les Moulineaux-Le Touquet"]
[Site "Le Touquet"]
[Date "2008.01.19"]
[Round "5.7"]
[White "Deflesselle, Tanguy"]
[Black "Dehesdin, Wilfried"]
[Result "1-0"]
[WhiteElo "2154"]
[BlackElo "2095"]
[PlyCount "65"]
[EventDate "2008.01.19"]
[SourceDate "2007.10.24"]

1. e4 d5 2. exd5 Nf6 3. c4 e6 4. d4 exd5 5. Nc3 Bb4 6. Nf3 O-O 7. Be2 c6 8. O-O
h6 9. Bf4 Na6 10. Qb3 Be6 11. c5 Bxc3 12. bxc3 b5 13. a4 Nc7 14. axb5 cxb5 15.
Bxb5 Rb8 16. Qa4 Ne4 17. Bd3 Bf5 18. Qxa7 Rc8 19. Qa5 Ne6 20. Qxd8 Rfxd8 21.
Be3 f6 22. Nd2 Ng3 23. Bxf5 Nxf5 24. Ra6 Nc7 25. Rb6 Ne7 26. Bf4 Ng6 27. Bg3 h5
28. Nf3 Ne7 29. Rfb1 Nf5 30. Ne1 Re8 31. Bxc7 Rxc7 32. Kf1 Ne7 33. Nd3 1-0

[Event "Issy les Moulineaux-Le Touquet"]
[Site "Le Touquet"]
[Date "2008.01.19"]
[Round "5.8"]
[White "Galaczy, Marie"]
[Black "Zoeller, Laure"]
[Result "0-1"]
[WhiteElo "1430"]
[BlackElo "1991"]
[PlyCount "34"]
[EventDate "2008.01.19"]
[SourceDate "2007.10.24"]

1. e4 e5 2. Bc4 Nf6 3. Nf3 Nc6 4. Ng5 d5 5. exd5 Na5 6. Bb5+ c6 7. dxc6 bxc6 8.
Ba4 g6 9. Nf3 e4 10. Qe2 Be6 11. Ng1 Bc5 12. d3 exd3 13. cxd3 O-O 14. Qf3 Re8
15. Ne2 Bg4 16. Qg3 Rxe2+ 17. Kf1 Rxf2+ 0-1

[Event "JEEN-Franconville"]
[Site "Paris"]
[Date "2008.01.20"]
[Round "6.1"]
[White "Simon, Olivier"]
[Black "Debray, Christopher"]
[Result "0-1"]
[WhiteElo "2383"]
[BlackElo "2362"]
[PlyCount "74"]
[EventDate "2008.01.20"]
[SourceDate "2007.10.24"]

1. e4 c5 2. Nf3 Nc6 3. Bb5 g6 4. O-O Bg7 5. c3 Nf6 6. Qa4 O-O 7. d4 cxd4 8.
cxd4 Ne8 9. Nc3 Nc7 10. d5 Nxb5 11. Nxb5 Ne5 12. Nxe5 Bxe5 13. f4 Qb6+ 14. Kh1
Bg7 15. d6 exd6 16. Rd1 d5 17. Bd2 a6 18. Nc3 dxe4 19. Nd5 Qd8 20. Ba5 Qh4 21.
Be1 Qd8 22. f5 gxf5 23. Bg3 d6 24. Qa3 Be6 25. Bxd6 Bxd5 26. Rxd5 Re8 27. Rxf5
Re6 28. Bb4 e3 29. Re1 Qh4 30. Rf3 Bf8 31. Rg3+ Rg6 32. Bd6 Bxd6 33. Qxd6 Qxg3
34. Qxg3 Rxg3 35. hxg3 Re8 36. Kh2 Kg7 37. Kh3 Kg6 0-1

[Event "JEEN-Franconville"]
[Site "Paris"]
[Date "2008.01.20"]
[Round "6.3"]
[White "Regoli, Stephane"]
[Black "Jacquet, Francois"]
[Result "1/2-1/2"]
[WhiteElo "2218"]
[BlackElo "2220"]
[PlyCount "48"]
[EventDate "2008.01.20"]
[SourceDate "2007.10.24"]

1. e4 c5 2. Nc3 Nc6 3. g3 g6 4. Bg2 Bg7 5. d3 d6 6. Be3 Rb8 7. Qd2 b5 8. f4 b4
9. Nd1 Nd4 10. Nf3 Nxf3+ 11. Bxf3 Nf6 12. h3 Nd7 13. O-O O-O 14. f5 Bb7 15. Kh2
a5 16. Bh6 d5 17. Bxg7 Kxg7 18. Qf4 dxe4 19. dxe4 f6 20. fxg6 hxg6 21. Ne3 Ne5
22. Rad1 Qc7 23. Nd5 Bxd5 24. exd5 Rbd8 1/2-1/2

[Event "JEEN-Franconville"]
[Site "Paris"]
[Date "2008.01.20"]
[Round "6.4"]
[White "Moncaubeig, Bruno"]
[Black "Yordanov, Nikolay"]
[Result "1/2-1/2"]
[WhiteElo "2136"]
[BlackElo "2181"]
[PlyCount "23"]
[EventDate "2008.01.20"]
[SourceDate "2007.10.24"]

1. e4 e5 2. Nc3 Nc6 3. Bc4 Nf6 4. d3 Bc5 5. f4 d6 6. Nf3 a6 7. f5 h6 8. Qe2 Na5
9. Be3 Bxe3 10. Qxe3 Nxc4 11. dxc4 b6 12. O-O 1/2-1/2

[Event "JEEN-Franconville"]
[Site "Paris"]
[Date "2008.01.20"]
[Round "6.5"]
[White "Giroux, Fabrice"]
[Black "Appendino, Jerome"]
[Result "1/2-1/2"]
[WhiteElo "2165"]
[BlackElo "2182"]
[PlyCount "134"]
[EventDate "2008.01.20"]
[SourceDate "2007.10.24"]

1. Nc3 c5 2. Nf3 Nf6 3. d4 cxd4 4. Nxd4 Nc6 5. Bg5 e6 6. Ndb5 a6 7. Nd6+ Bxd6
8. Qxd6 Qe7 9. O-O-O Qxd6 10. Rxd6 Ke7 11. Rd2 h6 12. Bh4 g5 13. Bg3 d5 14. e3
b5 15. f3 Bb7 16. Be2 Rhd8 17. Rhd1 Rac8 18. Bf1 Na5 19. Rd4 Nc6 20. R4d2 Na5
21. a3 Nd7 22. e4 Nb6 23. Kb1 Nac4 24. Rd3 d4 25. Rxd4 Rxd4 26. Rxd4 Nxa3+ 27.
bxa3 Rxc3 28. Bd6+ Ke8 29. Bb4 Rc6 30. e5 Rc8 31. h4 Nd5 32. Bd2 gxh4 33. Rxh4
Ne7 34. Rxh6 Ng6 35. f4 Rd8 36. Kc1 Be4 37. g3 Rc8 38. c3 Kd7 39. Rh2 Ne7 40.
Kb2 Bg6 41. Be3 Nd5 42. Bd4 Be4 43. Rd2 Rh8 44. a4 Kc6 45. c4 bxc4 46. Bxc4 a5
47. Re2 Bg6 48. Bb5+ Kb7 49. Bc3 Kb6 50. Be1 Rh1 51. Kb3 Bh5 52. Bf2+ Kb7 53.
Rd2 Rb1+ 54. Kc4 Rc1+ 55. Kd4 Bg6 56. Bc4 Nb4 57. g4 Nc2+ 58. Kc5 Na3 59. Rd4
Kc7 60. Be3 Rc2 61. f5 Bh7 62. Bg5 Kc8 63. Rf4 exf5 64. gxf5 Rxc4+ 65. Rxc4
Nxc4 66. Kxc4 Bxf5 67. Kb5 Kb7 1/2-1/2

[Event "JEEN-Franconville"]
[Site "Paris"]
[Date "2008.01.20"]
[Round "6.6"]
[White "Barthes, Christian"]
[Black "Lafaurie, Pierre"]
[Result "1/2-1/2"]
[WhiteElo "2124"]
[BlackElo "2124"]
[PlyCount "178"]
[EventDate "2008.01.20"]
[SourceDate "2007.10.24"]

1. c4 c6 2. e4 d5 3. exd5 cxd5 4. d4 Nf6 5. Nc3 Nc6 6. Nf3 Bg4 7. Be2 e6 8. c5
Be7 9. O-O O-O 10. Bg5 h6 11. Be3 b6 12. Qa4 Rc8 13. b4 bxc5 14. bxc5 Qa5 15.
Qxa5 Nxa5 16. Ne5 Bxe2 17. Nxe2 Nc6 18. Nxc6 Rxc6 19. Nf4 Ng4 20. Nd3 Nxe3 21.
fxe3 f6 22. Rfb1 Rc7 23. Rb3 Rfc8 24. Rab1 Kf7 25. Rb8 Bd8 26. R1b7 Rxb7 27.
Rxb7+ Rc7 28. Rb8 Be7 29. a4 Kg6 30. Kf2 Kf5 31. Kf3 e5 32. Nb4 Ke6 33. a5 f5
34. a6 e4+ 35. Ke2 Bxc5 36. dxc5 Rxc5 37. Rb7 Rc4 38. Kd2 f4 39. Nc2 fxe3+ 40.
Nxe3 Ra4 41. Rxg7 Ra2+ 42. Ke1 d4 43. Nd1 e3 44. Rg3 Kf5 45. Nxe3+ dxe3 46.
Rxe3 Rxa6 47. Rh3 Kg5 48. Rg3+ Kf4 49. Rh3 Re6+ 50. Kd1 a5 51. Kd2 Ra6 52. Kc2
a4 53. Kb2 Kg4 54. Rg3+ Kf4 55. Rh3 Kg4 56. Rg3+ Kf5 57. Rf3+ Ke4 58. Rh3 a3+
59. Ka2 Kf4 60. Rf3+ Kg4 61. Rg3+ Kf4 62. Rf3+ Ke4 63. Rh3 Kd4 64. Rg3 Ra5 65.
Rh3 h5 66. Rg3 Ke4 67. Rh3 Kf4 68. Rf3+ Kg5 69. Rg3+ Kf4 70. Rf3+ Ke4 71. Rh3
Kd4 72. Rg3 Ra4 73. Rh3 Ra5 74. Rg3 Ke4 75. Rh3 Kf4 76. Rf3+ Ke4 77. Rg3 Rd5
78. Kxa3 Rd3+ 79. Rxd3 Kxd3 80. Kb3 h4 81. g3 h3 82. g4 Ke4 83. g5 Kf5 84. g6
Kxg6 85. Kc3 Kg5 86. Kd3 Kf4 87. Ke2 Ke4 88. Kf2 Kf4 89. Ke2 Kg5 1/2-1/2

[Event "JEEN-Franconville"]
[Site "Paris"]
[Date "2008.01.20"]
[Round "6.7"]
[White "Mehaibia, Azzedine"]
[Black "Le, Remy"]
[Result "0-1"]
[WhiteElo "2196"]
[BlackElo "2069"]
[PlyCount "84"]
[EventDate "2008.01.20"]
[SourceDate "2007.10.24"]

1. e4 c5 2. Nf3 d6 3. d4 cxd4 4. Nxd4 Nf6 5. Nc3 a6 6. Be2 e6 7. Be3 Be7 8. Qd2
Bd7 9. g4 h5 10. gxh5 Nxh5 11. O-O-O Nc6 12. f4 Qc7 13. Nb3 b5 14. Bf3 O-O-O
15. Qf2 Kb7 16. Qe2 g6 17. e5 Kc8 18. Qf2 Kb7 19. exd6 Bxd6 20. Rxd6 Qxd6 21.
Ne4 Qb8 22. Nec5+ Kc8 23. Nxd7 Kxd7 24. Nc5+ Ke7 25. Bxc6 f6 26. Nxa6 Qc8 27.
Nb4 Kf7 28. Be4 Qc4 29. Bxg6+ Kxg6 30. Qg2+ Kh7 31. Qb7+ Ng7 32. Rg1 Rhg8 33.
Qf3 Nf5 34. Qh5+ Nh6 35. Re1 Qxb4 36. c3 Qf8 37. f5 exf5 38. Kc2 Rg6 39. Rf1
Rg2+ 40. Kb1 Qg7 41. Qh3 Rg6 42. Rxf5 Qd7 0-1

[Event "JEEN-Franconville"]
[Site "Paris"]
[Date "2008.01.20"]
[Round "6.8"]
[White "Perrusset, Barbara"]
[Black "Gatine, Aurelia"]
[Result "1-0"]
[WhiteElo "1871"]
[BlackElo "2022"]
[PlyCount "63"]
[EventDate "2008.01.20"]
[SourceDate "2007.10.24"]

1. d4 Nf6 2. c4 c5 3. d5 b5 4. cxb5 a6 5. b6 Qxb6 6. Nc3 d6 7. Nf3 g6 8. Nd2
Bd7 9. Nc4 Qb7 10. e4 Bb5 11. Qb3 Ra7 12. Na5 Qc7 13. Bxb5+ axb5 14. Qxb5+ Nfd7
15. Nb3 Bg7 16. O-O O-O 17. Qe2 Rb7 18. Be3 Rb4 19. Bd2 c4 20. Nd1 Ra4 21. Nc1
Na6 22. Bc3 Rb8 23. Bxg7 Kxg7 24. Ne3 Rab4 25. b3 Ne5 26. f4 cxb3 27. axb3 Qc3
28. Rxa6 Rxe4 29. fxe5 dxe5 30. Qf2 Rf4 31. Qe2 Rxf1+ 32. Nxf1 1-0

[Event "Rueil Malmaison-Lille"]
[Site "Lille"]
[Date "2008.01.20"]
[Round "6.1"]
[White "Williams, Simon"]
[Black "Bouhallel, Rabah"]
[Result "1-0"]
[WhiteElo "2482"]
[BlackElo "2287"]
[PlyCount "105"]
[EventDate "2008.01.20"]
[SourceDate "2007.10.24"]

1. e4 c5 2. Nf3 e6 3. b3 Be7 4. Bb2 Bf6 5. e5 Be7 6. Na3 Nh6 7. Nc4 O-O 8. Qe2
f6 9. O-O-O Nc6 10. d4 cxd4 11. Nxd4 Nxd4 12. Bxd4 fxe5 13. Bxe5 Nf7 14. f4
Nxe5 15. fxe5 a5 16. a4 b5 17. axb5 a4 18. Qe4 Rb8 19. Bd3 g6 20. bxa4 Bb7 21.
Qe2 Ra8 22. Bxg6 hxg6 23. Qd3 Rf7 24. Nb2 Qc7 25. Rhe1 Kg7 26. Kb1 Rc8 27. Re2
Rd8 28. Qd4 g5 29. c4 Rf4 30. Qc3 Ra8 31. Rd4 Rf1+ 32. Ka2 Raf8 33. Qd3 Bc8 34.
h4 Rh1 35. Rd6 Rxh4 36. g3 Rh1 37. Qd4 Qa5 38. Rf2 Qe1 39. Rxf8 Qa1+ 40. Kb3
Kxf8 41. c5 Bxd6 42. exd6 Qf1 43. Qe4 Kg7 44. c6 Rh3 45. Kb4 Qf8 46. Nc4 Qf6
47. Qe5 Rh8 48. Kc5 Kg6 49. a5 Rf8 50. Qxf6+ Kxf6 51. Nb6 Rd8 52. c7 Re8 53.
Nxc8 1-0

[Event "Rueil Malmaison-Lille"]
[Site "Lille"]
[Date "2008.01.20"]
[Round "6.2"]
[White "Roger, Mehdi"]
[Black "Sowray, Peter"]
[Result "0-1"]
[WhiteElo "2199"]
[BlackElo "2340"]
[PlyCount "113"]
[EventDate "2008.01.20"]
[SourceDate "2007.10.24"]

1. e4 c5 2. Nc3 e6 3. Nf3 d6 4. d4 cxd4 5. Nxd4 Nf6 6. g4 h6 7. g5 hxg5 8. Bxg5
Nc6 9. Be2 Qb6 10. Nb3 Be7 11. Qd2 Bd7 12. Be3 Qc7 13. Nb5 Qb8 14. Nc3 a6 15.
f4 Qc7 16. Bf3 b5 17. O-O-O Rb8 18. Kb1 a5 19. Nd4 Nxd4 20. Bxd4 b4 21. Ne2 e5
22. Be3 a4 23. Ng3 Be6 24. b3 Qa5 25. Nf5 Bxf5 26. exf5 e4 27. Be2 Qxf5 28.
Rdg1 g6 29. Bc4 Ng4 30. Qd4 O-O 31. Bc1 Kh7 32. Rg3 a3 33. Rhg1 Nh6 34. Bd5 Bf6
35. Qxe4 Rb5 36. Qxf5 Nxf5 37. Rh3+ Kg7 38. Bc4 Rc5 39. Bd2 Rb8 40. Rd3 Bd4 41.
Rxd4 Nxd4 42. Be3 Rxc4 43. bxc4 Ne2 44. Re1 Nc3+ 45. Ka1 Kf6 46. Bd4+ Kf5 47.
c5 dxc5 48. Bxc5 Ne4 49. Be7 Rb7 50. Bf8 Rb8 51. Be7 Rb7 52. Bf8 Nc3 53. Re7
Rb8 54. Bg7 Rd8 55. Re1 f6 56. Rf1 Rg8 57. Bh6 0-1

[Event "Rueil Malmaison-Lille"]
[Site "Lille"]
[Date "2008.01.20"]
[Round "6.3"]
[White "Pira, Davoud"]
[Black "Burgnies, Stephane"]
[Result "1-0"]
[WhiteElo "2406"]
[BlackElo "2157"]
[PlyCount "65"]
[EventDate "2008.01.20"]
[SourceDate "2007.10.24"]

1. d4 d5 2. c4 e6 3. Nc3 Be7 4. cxd5 exd5 5. Bf4 Bf5 6. Qb3 Nc6 7. Qxb7 Nb4 8.
Rc1 Nc2+ 9. Rxc2 Bxc2 10. e3 Nf6 11. Bxc7 Qc8 12. Qc6+ Kf8 13. Ba6 Qe8 14. Qb7
h6 15. Nf3 Kg8 16. O-O Kh7 17. Ne5 Be4 18. f3 Bf5 19. Nxd5 Nd7 20. Bb5 Bf6 21.
e4 Be6 22. Nxf6+ gxf6 23. Nd3 Qc8 24. Bc6 Bc4 25. Rd1 Qxb7 26. Bxb7 Rae8 27. b3
Bxd3 28. Rxd3 Nc5 29. dxc5 Re7 30. Bd8 Rxb7 31. c6 Rb5 32. c7 Rc5 33. Rd4 1-0

[Event "Rueil Malmaison-Lille"]
[Site "Lille"]
[Date "2008.01.20"]
[Round "6.4"]
[White "Julve, Philippe"]
[Black "Camus de Solliers, Guillaume"]
[Result "0-1"]
[WhiteElo "2237"]
[BlackElo "2314"]
[PlyCount "74"]
[EventDate "2008.01.20"]
[SourceDate "2007.10.24"]

1. d4 e6 2. c4 Nf6 3. Nc3 Bb4 4. e3 O-O 5. Nge2 Re8 6. a3 Bf8 7. Ng3 d5 8. c5
e5 9. Be2 e4 10. Bd2 c6 11. b4 b6 12. Qa4 g6 13. O-O h5 14. Rfc1 h4 15. Nf1 h3
16. g3 bxc5 17. bxc5 Bg4 18. Qd1 Qd7 19. Rcb1 Qf5 20. Be1 Nbd7 21. Rb7 Bxe2 22.
Qxe2 Bxc5 23. dxc5 Nxc5 24. Rb2 Ng4 25. Nd2 Nd3 26. Rb7 c5 27. Rab1 Rad8 28.
Nb5 d4 29. Nc4 Re6 30. Nc7 Nxe1 31. Rxe1 d3 32. Qf1 Rf6 33. Rb2 d2 34. Rxd2
Rxd2 35. Nxd2 Qxf2+ 36. Qxf2 Rxf2 37. Nf1 Rg2+ 0-1